00768nam a2200229 i 450000100060000000300090000600500170001500700030003200800410003502000180007608000120009408000170010610000270012324500840015026000430023430000220027749000680029965000310036765100390039883000680043785200330050519096ES-MaACL20250603170557.0t|020527s1999 sp ||||1| spa d a84-87789-96-X a39(460) a001(460)"19"1 aAlcina Franch, José.10aAntropólogos y disidentes b: una tradición tenue / cJosé Alcina Franch. aPalma de Mallorca : bBitzoc, c[1999] a122 p. ; c23 cm.1 aBiblioteca Bitzoc de literatura, declaraciones y ensayos ; v3914aAntropólogos-zEspaña. 4aEspaña-xVida intelectual-yS.XX0 aBiblioteca Bitzoc de literatura, declaraciones y ensayos ; v39 aES-MaACLjL-25560 bR.129849